[Event "Havana Gilberto Garcia Memorial-A"]
[Site "Havana"]
[Date "2024.02.24"]
[Round "2"]
[White "Collazo Perez, Jorge Luis"]
[Black "Torres Ymas, Alejandra"]
[Result "0-1"]
[WhiteElo "1766"]
[BlackElo "1920"]
[PlyCount "74"]
[EventDate "2024.02.24"]
[EventType "tourn"]
[EventRounds "9"]
[EventCountry "CUB"]
[SourceTitle "CB13_2024"]
[SourceDate "2024.03.27"]
[SourceVersion "1"]
[SourceVersionDate "2024.03.27"]
[SourceQuality "1"]

1. e4 c5 2. f4 Nc6 3. Bb5 Nd4 4. Bc4 e6 5. c3 Nc6 6. Qe2 Nge7 7. d3 g6 8. Be3 d5 9. Bb3 d4 10. Bf2 Bg7 11. Nf3 0-0 12. g4 b6 13. h4 dxc3 14. bxc3 Ba6 15. Bc4 b5 16. Bb3 b4 17. Bc4 Bxc4 18. dxc4 bxc3 19. e5 Nd4 20. Qd3 Nxf3+ 21. Qxf3 c2 22. Nd2 Qa5 23. Ke2 Rad8 24. Nb3 Qb4 25. Qe4 Nd5 26. Bxc5 Nc3+ 27. Kf3 Qa4 28. Qxc2 Qxc4 29. Rad1 Rfe8 30. g5 h5 31. Rhe1 Bxe5 32. Be3 Qc6+ 33. Kg3 Ne4+ 34. Qxe4 Qxe4 35. Nc5 Qf5 36. fxe5 Qg4+ 37. Kf2 Rxd1 0-1